Ngữ pháp tiếng Anh toàn tập =English grammar.

Đã lưu trong:
书目详细资料
主要作者: Lê Dũng
格式: 图书
语言:Vietnamese
出版: Giáo Dục, 1998.
主题:
标签: 添加标签
没有标签, 成为第一个标记此记录!
Thư viện lưu trữ: Mạng thư viện Đại học Đà Nẵng
LEADER 00981nam a2200313 a 4500
001 000002405
003 00856
005 20220602145947.0
008 171229s1998 vie
040 |a LSK 
041 0 |a VIE 
082 0 |a 425  |b LÊ-D 
100 1 |a Lê Dũng 
245 0 0 |a Ngữ pháp tiếng Anh toàn tập =English grammar. 
260 |b Giáo Dục,  |c 1998. 
300 |a 375 pages ;  |c 20,5 cm. 
653 |a English language - Grammar 
852 |a Phòng Đọc - Phòng Mượn 
901 |a 19 
927 |a Sách tham khảo 
OWN |a LSK 
AVA |a UDN50  |b LSK  |d 425 LÊ-D  |e check_holdings  |t Error 5003 Not defined in file expand_doc_bib_avail.  |h N  |k 1 
999 |a From the UDN01 
AVA |a UDN50  |b LSK  |d 425 LÊ-D  |e available  |t Error 5001 Not defined in file expand_doc_bib_avail.  |f 19  |g 0  |h N  |i 9  |k 1 
TYP |a Monograph 
TYP |a Printed language 
980 |a Mạng thư viện Đại học Đà Nẵng